Essential assessment skills for couple and family therapists (Record no. 3489)

MARC details
000 -LEADER
fixed length control field 03566cam a22005534a 4500
001 - CONTROL NUMBER
control field 16594214
003 - CONTROL NUMBER IDENTIFIER
control field OSt
005 - DATE AND TIME OF LATEST TRANSACTION
control field 20260330144542.0
008 - FIXED-LENGTH DATA ELEMENTS--GENERAL INFORMATION
fixed length control field 101227s2011 nyua b 001 0 eng
010 ## - LIBRARY OF CONGRESS CONTROL NUMBER
LC control number 2010050795
016 7# - NATIONAL BIBLIOGRAPHIC AGENCY CONTROL NUMBER
Record control number 101550280
Source DNLM
020 ## - INTERNATIONAL STANDARD BOOK NUMBER
International Standard Book Number 9781462516407
Qualifying information hardcover : alk. paper
035 ## - SYSTEM CONTROL NUMBER
System control number 16594214
035 ## - SYSTEM CONTROL NUMBER
System control number (OCoLC)694600456
040 ## - CATALOGING SOURCE
Original cataloging agency DNLM/DLC
Transcribing agency DLC
Modifying agency YDX
-- BTCTA
-- YDXCP
-- NLM
-- STJ
-- CDX
-- DLC
042 ## - AUTHENTICATION CODE
Authentication code pcc
050 00 - LIBRARY OF CONGRESS CALL NUMBER
Classification number RC488.5
Item number .E78 2011
060 00 - NATIONAL LIBRARY OF MEDICINE CALL NUMBER
Classification number 2011 E-337
060 10 - NATIONAL LIBRARY OF MEDICINE CALL NUMBER
Classification number WM 430.5.F2
100 ## - MAIN ENTRY--PERSONAL NAME
Personal name Williams, Lee
245 00 - TITLE STATEMENT
Title Essential assessment skills for couple and family therapists
Statement of responsibility, etc. by Lee Williams
260 ## - PUBLICATION, DISTRIBUTION, ETC.
Place of publication, distribution, etc. New York :
Name of publisher, distributor, etc. Guilford Press,
Date of publication, distribution, etc. c2011.
300 ## - PHYSICAL DESCRIPTION
Extent xv, 270 p. :
Other physical details ill. ;
Dimensions 24 cm.
336 ## - CONTENT TYPE
Content type term text
Content type code txt
Source rdacontent
337 ## - MEDIA TYPE
Media type term unmediated
Media type code n
Source rdamedia
338 ## - CARRIER TYPE
Carrier type term volume
Carrier type code nc
Source rdacarrier
490 1# - SERIES STATEMENT
Series statement The Guilford family therapy series
500 ## - GENERAL NOTE
General note Machine generated contents note: 1. Introduction to Assessment 2. Tools for Assessment 3. The Initial Interview 4. Assessing Issues of Safety 5. Assessing Health and Well-Being in Adults 6. Assessing for Psychopathology in Adults 7. Assessing Children and Adolescents 8. Assessing for Psychopathology in Children and Adolescents 9. Assessing Family Interaction 10. Assessing the Multigenerational Family through Time 11. Assessing Couples 12. Special Topics in Couple Assessment 13. From Assessment to Treatment (and Beyond) Index Appendix. Summary of Assessment Tools, Instruments, and Mnemonics .
504 ## - BIBLIOGRAPHY, ETC. NOTE
Bibliography, etc. note Includes bibliographical references and index.
505 0# - FORMATTED CONTENTS NOTE
Formatted contents note Introduction to assessment -- Tools for assessment -- The initial interview -- Assessing issues of safety -- Assessing health and well-being in adults -- Assessing adults for psychopathology -- Assessing children and adolescents -- Assessing for psychopathology in children and adolescents -- Assessing family interaction -- Assessing the multigenerational family through time -- Assessing couples -- Special topics in couple assessment -- From assessment to treatment (and beyond).
520 ## - SUMMARY, ETC.
Summary, etc. "Showing how to weave assessment into all phases of therapy, this indispensable text and practitioner guide is reader friendly, straightforward, and practical. Specific strategies are provided for evaluating a wide range of clinical issues and concerns in adults, children and adolescents, families, and couples. The authors demonstrate ways to use interviewing and other techniques to understand both individual and relationship functioning, develop sound treatment plans, and monitor progress. Handy mnemonics help beginning family therapists remember what to include in assessments, and numerous case examples illustrate what the assessment principles look like in action with diverse clients"--Provided by publisher.
650 #0 - SUBJECT ADDED ENTRY--TOPICAL TERM
Topical term or geographic name entry element Family psychotherapy.
650 #0 - SUBJECT ADDED ENTRY--TOPICAL TERM
Topical term or geographic name entry element Couples therapy.
650 #0 - SUBJECT ADDED ENTRY--TOPICAL TERM
Topical term or geographic name entry element Interviewing in psychiatry.
650 #0 - SUBJECT ADDED ENTRY--TOPICAL TERM
Topical term or geographic name entry element Marital psychotherapy.
650 12 - SUBJECT ADDED ENTRY--TOPICAL TERM
Topical term or geographic name entry element Family Therapy
General subdivision methods.
650 22 - SUBJECT ADDED ENTRY--TOPICAL TERM
Topical term or geographic name entry element Couples Therapy
General subdivision methods.
650 22 - SUBJECT ADDED ENTRY--TOPICAL TERM
Topical term or geographic name entry element Interview, Psychological
General subdivision methods.
650 22 - SUBJECT ADDED ENTRY--TOPICAL TERM
Topical term or geographic name entry element Marital Therapy
General subdivision methods.
700 1# - ADDED ENTRY--PERSONAL NAME
Personal name Williams, Lee,
Titles and other words associated with a name LMFT.
700 1# - ADDED ENTRY--PERSONAL NAME
Personal name Edwards, M.Todd
700 1# - ADDED ENTRY--PERSONAL NAME
Personal name Patterson, Joellen
700 1# - ADDED ENTRY--PERSONAL NAME
Personal name Chamow, Larry
830 #0 - SERIES ADDED ENTRY--UNIFORM TITLE
Uniform title Guilford family therapy series.
906 ## - LOCAL DATA ELEMENT F, LDF (RLIN)
a 7
b cbc
c orignew
d 1
e ecip
f 20
g y-gencatlg
942 ## - ADDED ENTRY ELEMENTS (KOHA)
Source of classification or shelving scheme Dewey Decimal Classification
Koha item type Books
Suppress in OPAC No
Holdings
Withdrawn status Lost status Source of classification or shelving scheme Damaged status Not for loan Home library Current library Shelving location Date acquired Source of acquisition Total checkouts Full call number Barcode Date last seen Price effective from Koha item type
    Library of Congress Classification     Main Campus 3rd Floor Main Library General stacks 03/30/2026 Dr. Karanja   RC488.5 .E78 2011 107311 03/30/2026 03/30/2026 Books